Substandard 80s albums by great artists - Statistics

General Stats
  • This quiz has been taken 16 times
  • The average score is 4 of 18
Answer Stats
Artist and Year Year Album % Correct
The Who 1982 Its Hard
69%
The Rolling Stones 1980 Emotional Rescue
54%
Queen 1982 Hot Space
54%
David Bowie 1987 Never Let Me Down
38%
Pink Floyd 1987 A Momentary Lapse of Reason
31%
Paul McCartney 1986 Press to Play
31%
George Harrison 1982 Gone Troppo
23%
Roger Waters 1987 Radio Kaos
23%
Eric Clapton 1985 Behind the Sun
15%
Elton John 1986 Leather Jackets
15%
Mick Jagger 1987 Primitive Cool
15%
Stevie Wonder 1984 The Woman in Red Soundtrack
15%
CSN&Y 1988 American Dream
8%
Bob Dylan 1988 Down in the groove
8%
Pete Townshend 1989 Iron Man
8%
Neil Young 1986 Landing on Water
8%
Lou Reed 1986 Mistrial
8%
Joni Mitchell 1988 Chalkmark in a Rainstorm
0%
No matching quizzes found
Score Distribution
Percent of People with Each Score
Percentile by Number Answered
Your Score History
You have not taken this quiz